000 00788nam a22002177a 4500
003 OSt
005 20260310022112.0
008 260310b |||||||| |||| 00| 0 eng d
020 _a9789715103459
040 _aDWCL Main lib
_cOC
082 _aSC. 922 T153i 2026
100 _aTamondong, Susan D.
245 _aIn the footsteps of grace:
_bmy life's journey with Father Bates
_cSusan D. Tamondong
260 _aManila : Logos Publications, Inc., c2026.
_bLogos Publications, Inc.,
_cc2026.
300 _a181 pages :
_bcolored illustrations ;
_c23cm.
504 _aIncludes index.
650 _a1. Bates, Father -- Biography.
650 _a2. Spiritual life -- Catholic church -- Personal narratives.
650 _a3. Tamondong, Susan D. -- Biography.
942 _2ddc
_cSC
_kSC.
_n0
999 _c8815
_d8815